| 000 | 01023cam a22003137a 4500 | ||
|---|---|---|---|
| 003 | CHAP | ||
| 005 | 20220329134404.0 | ||
| 008 | 971013s1971 r 00010 d | ||
| 010 | _a19782 | ||
| 011 | _a20754 | ||
| 035 | _a24842 | ||
| 040 | _cCHAP | ||
| 082 |
_a338.91 _bA53 |
||
| 100 | 0 | 0 |
_aAndic, Fuat. _95626 |
| 245 | 1 | 2 | _aA theory of economic integration for developing countries... |
| 260 |
_aLondon : _bGeorge Allen and Urwin, _c1971 |
||
| 300 | _a176 p | ||
| 490 | 0 |
_aUniversity of York Studies in Economics _v; 6 |
|
| 590 |
_aBATCH-UPD _b10 _c20130110 _lUCH01 _h2025 |
||
| 590 |
_aBATCH-UPD _b10 _c20130410 _lUCH01 _h1342 |
||
| 590 |
_aBATCH-UPD _b10 _c20130914 _lUCH01 _h1649 |
||
| 590 |
_aCONVERSION _b10 _c20130109 _lUCH01 _h1312 |
||
| 650 | 1 | 4 |
_aIntegración económica internacional. _959500 |
| 700 | 0 |
_aDosser, Douglas. _934047 |
|
| 830 | 0 |
_aUniversity of York Studies in Economics _v; 6 _9116778 |
|
| 901 | _aBK | ||
| 942 | _cLIBRO | ||
| 949 |
_a338.91 A53 _bBC _cLIBRO _d33724000109815 _eLIBRO _h30370 _i24842 _si |
||
| 999 |
_c19782 _d19782 |
||